000 00503nam a2200193Ia 4500
008 170918s9999 xx 000 0 und d
020 _a9780060097936
050 _bB878 2010
100 _aBrown, Jeff
245 _aStanley and the magic lamp /
245 _cby Jeff Brown ; pictures by Macky Pamintuan.
260 _aNew York :
260 _bHarper Collins Publishers,
260 _c2010
300 _a115 pages :
300 _billustrations ;
300 _c19cm.
300 _eFlat Stanley.
999 _c344320
_d344320